[Event "NRW Class1 0405"]
[Site "Germany"]
[Date "2005.04.24"]
[Round "9.6"]
[White "Ossig, Rainer"]
[Black "Kaul, Siegfried"]
[Result "1-0"]
[WhiteElo "2160"]
[BlackElo "1641"]
[PlyCount "74"]
[EventDate "2004.10.10"]
[EventType "team"]
[EventRounds "9"]
[EventCountry "GER"]
[SourceTitle "EXT 2006"]
[Source "ChessBase"]
[SourceDate "2005.11.24"]
[SourceVersion "1"]
[SourceVersionDate "2005.11.24"]
[SourceQuality "1"]
[WhiteTeam "Elberfeld"]
[BlackTeam "Gerresheim II"]
[WhiteTeamCountry "GER"]
[BlackTeamCountry "GER"]

1. e4 e5 2. Nf3 d6 3. d4 Qe7 4. Bc4 Bg4 5. Nc3 Bxf3 6. gxf3 c6 7. Be3 Nd7 8. Qe2 g6 9. f4 exf4 10. Bxf4 Bg7 11. 0-0-0 Bh6 12. Bxh6 Nxh6 13. h4 Qf6 14. f4 Qxf4+ 15. Kb1 Qf6 16. Qd2 Qg7 17. Qf4 Nb6 18. Bb3 0-0-0 19. a4 Kb8 20. a5 Nc8 21. Ne2 f5 22. e5 dxe5 23. dxe5 Ng4 24. e6+ Qe5 25. Rd7 Qxf4 26. Nxf4 Ne5 27. Rg7 Rde8 28. Re1 Nf3 29. Rd1 Re7 30. Rf7 Ne5 31. Rf6 Kc7 32. h5 Nd6 33. hxg6 Ng4 34. Rf7 Nxf7 35. exf7 Nh6 36. Rh1 Ng4 37. g7 Rd8 1-0